La despesa dels ajuntaments de Catalunya en salut pública : municipis de més de 20.000 habitants i municipis d'entre 10.000 i 20.000 habitants municipis de més de 20.000 habitants i municipis d'entre 10.000 i 20.000 habitants
Descripción Física:
68 p. : gràf., taules ; 30 cm
MARC
| LEADER | 00000nam a2200000Ia 4500 | ||
|---|---|---|---|
| 001 | 16712 | ||
| 008 | 160829s2004 xx 000 0 cat d | ||
| 080 | |a M-5-69 | ||
| 245 | |a La despesa dels ajuntaments de Catalunya en salut pública : |b municipis de més de 20.000 habitants i municipis d'entre 10.000 i 20.000 habitants | ||
| 260 | |a [Barcelona : |b Diputació de Barcelona, Àrea de Salut Pública i Consum], |c 2004 | ||
| 300 | |a 68 p. : |b gràf., taules ; |c 30 cm | ||
| 650 | 0 | |a Despeses públiques |z Catalunya |9 31492 | |
| 650 | |a Municipis |x Barcelona (Província) |9 41310 | ||
| 710 | |a Barcelona (Catalunya : Província). |b Àrea de Salut Pública i Consum |9 7348 | ||
| 901 | |a Arxiu | ||
| 942 | |n 1 | ||
| 952 | |0 0 |1 0 |4 0 |6 M569 |7 1 |9 45631 |a Arxiu |b Arxiu |d 2016-12-01 |l 0 |o M-5-69 |p 16712 |r 2016-12-01 00:00:00 |w 2016-12-01 |y ARXIU | ||
| 999 | |c 49130 |d 49130 | ||